000 00726nam a2200217Ii 4500
003 JO-AjNU
008 230605s9999||||xx |||||||||||||| ||und||
017 _a2010/3/732
040 _aJO-AjNU
_bara
_erda
_cJO-AjNU
041 _aara
050 1 4 _aHQ769.3 .Q32 2010
100 3 _aالقضاة، أحمد مصطفى ,
_eauthor
_945503
245 0 0 _aنظرات في الطفولة
250 _aط1
264 3 1 _aعمان: المؤلف، 2010
300 _a160ص
_bيحتوي على ببلوغرافية من 153-160ص
336 _atext
_btxt
_2rdacontent
337 _aunmediated
_bn
_2rdamedia
338 _avolume
_bnc
_2rdacarrier
650 4 _aالاطفال - رعاية الطفولة - جوانب دينية
_945504
999 _aA19730
_c23298
_d23298